| 000 | 00640nam a2200253Ia 4500 | ||
|---|---|---|---|
| 003 | OSt | ||
| 005 | 20221007074744.0 | ||
| 006 | a|||||r|||| 00| 0 | ||
| 007 | ta | ||
| 008 | 221006b |||||||| |||| 00| 0 eng d | ||
| 020 | _cRs.695/- | ||
| 024 | _a10,304 | ||
| 037 | _cTextual | ||
| 040 |
_aFLL _cFLL _beng |
||
| 041 |
_2eng _aeng |
||
| 082 | _aZ2,853, P3 | ||
| 100 |
_aAiyer P.R. _9687319 |
||
| 245 | 0 | _aAdvocate his mind and art | |
| 250 | _a3rd | ||
| 260 |
_aNagpur _bWadhwa and company India _c2003 |
||
| 300 |
_axxxix,713p _ccm. |
||
| 942 |
_hZ2,853, P3 _cTEXL _2CC |
||
| 999 |
_c1153560 _d1153560 |
||